MARC details
| 000 -CABECERA |
| campo de control de longitud fija |
01286nam a22002057a 4500 |
| 003 - IDENTIFICADOR DEL NÚMERO DE CONTROL |
| campo de control |
OSt |
| 005 - FECHA Y HORA DE LA ÚLTIMA TRANSACCIÓN |
| campo de control |
20201016135333.0 |
| 008 - DATOS DE LONGITUD FIJA--INFORMACIÓN GENERAL |
| campo de control de longitud fija |
201008b 2014 a 00| 0 eng d |
| 020 ## - NÚMERO INTERNACIONAL ESTÁNDAR DEL LIBRO |
| Número Internacional Estándar del Libro |
9789945004380 |
| 040 ## - FUENTE DE LA CATALOGACIÓN |
| Centro catalogador/agencia de origen |
DO-SdBNP |
| Lengua de catalogación |
spa |
| Centro/agencia transcriptor |
BNPHU |
| 100 1# - ENTRADA PRINCIPAL--NOMBRE DE PERSONA |
| Nombre de persona |
Vega, Odalis , |
| Fechas asociadas al nombre |
1987- |
| 9 (RLIN) |
76808 |
| 245 ## - MENCIÓN DE TÍTULO |
| Título |
Crimen de un periodista : |
| Resto del título |
lo que nunca se supo... |
| Mención de responsabilidad, etc. |
Odalis Marcelino Encarnación Vega , prólogo Silvio Herasme Peña |
| 260 ## - PUBLICACIÓN, DISTRIBUCIÓN, ETC. |
| Lugar de publicación, distribución, etc. |
Santo Domingo : |
| Nombre del editor, distribuidor, etc. |
Conadex SRL |
| Fecha de publicación, distribución, etc. |
2014 |
| 300 ## - DESCRIPCIÓN FÍSICA |
| Extensión |
157 p. : |
| Otras características físicas |
il., retrs. |
| Dimensiones |
22 cm. |
| 500 ## - NOTA GENERAL |
| Nota general |
Incluye datos biográficos del autor en la contracubierta. |
| 504 ## - NOTA DE BIBLIOGRAFÍA, ETC. |
| Nota de bibliografía, etc. |
Bibliografía : p. 157 |
| 505 ## - NOTA DE CONTENIDO CON FORMATO |
| Nota de contenido con formato |
Nota preliminar -- |
| Título |
A la memoria -- |
| -- |
Presentación -- |
| -- |
Salutación -- |
| -- |
Prólogo -- |
| -- |
Prefacio -- |
| -- |
Antecedentes -- |
| -- |
Ingreso a los medios -- |
| -- |
El ascenso -- |
| -- |
Noviazgo -- |
| -- |
Trabajo periodísticos -- |
| -- |
El inicio del fin -- |
| -- |
Llegó la hora -- |
| -- |
La muerte se acerca -- |
| -- |
El martirio -- |
| -- |
El último adiós -- |
| -- |
La comisión -- |
| -- |
Conmoción nacional -- |
| -- |
La impresión la mató -- |
| -- |
¿Por qué mataron a Marcelino? -- |
| -- |
¿Quien era el Canillita? -- |
| -- |
La noticia |
| -- |
Historia del Club Marcelino Vega -- |
| -- |
In memorian a Marcelino Vega -- |
| -- |
Cronología de lo hechos -- |
| -- |
Apéndices -- |
| -- |
Bibliografía -- |
| 700 ## - PUNTO DE ACCESO ADICIONAL--NOMBRE DE PERSONA |
| Nombre de persona |
Herasme Peña, Silvio, |
| Término indicativo de función/relación |
prólogo |
| 9 (RLIN) |
49757 |
| 942 ## - ELEMENTOS DE PUNTO DE ACCESO ADICIONAL (KOHA) |
| Fuente del sistema de clasificación o colocación |
Dewey Decimal Classification |
| Tipo de ítem Koha |
Libros y folletos |